| 000 | 00554nam a2200181 a 4500 | ||
|---|---|---|---|
| 003 | PILC | ||
| 005 | 20150112093440.0 | ||
| 008 | 100727s19uu xx 00 eng d | ||
| 020 | _a9719286409 | ||
| 050 |
_aHF 53 _b.Y68 2004 |
||
| 082 |
_aSFf 158.1 _bY8 2004 |
||
| 100 |
_aYoung, Felina _918641 |
||
| 245 |
_aIntellectual capital management : _ba competitive asset in the 3rd millennium / |
||
| 260 |
_aPhilippines : _bBright Minds Publishing House, _c2004. |
||
| 300 |
_a142 pages : _c18 cm. |
||
| 650 |
_aIntellectual capital _918642 |
||
| 942 |
_2lcc _cBK |
||
| 999 |
_c14733 _d14733 |
||